000 00774cam a22002653a 4500
001 20717
003 PGUSA
005 20140828083436.0
008 070301s2007||||xxu|||||s|||||000 1 eng d
040 _aPGUSA
_beng
042 _adc
050 4 _aPR
100 1 _aWodehouse, P. G.
_q(Pelham Grenville),
_d1881-1975
245 1 4 _aThe Girl on the Boat
_h[electronic resource] /
_cP. G. Wodehouse
260 _bProject Gutenberg,
_c2007
506 _aPublic domain in the USA.
516 _aElectronic text
653 _aMan-woman relationships -- Fiction
653 _aHumorous stories
653 _aGolf stories
653 _aChildren of the rich -- Fiction
830 0 _aProject Gutenberg
_v20717
856 4 0 _uhttp://www.gutenberg.org/ebooks/20717
942 _cEB
999 _c249972
_d249972